00303nam a2200109Ia 4500008004100000041000800041082001500049100002200064245004500086260003800131300002400169240624s9999 xx 000 0 und d aeng a302.35 CUM aCUMMINGS THOMAS G aTHEORY OF ORGANIZATION DEVELOPMENT AND C c2008aAustraliabCengage Learning a786 : p. : cm. ; 24